000 00411nam a2200181Ia 4500
001 17996
005 20260306171558.0
008 260306s9999||||xx |||||||||||||| ||und||
041 _aESP
082 _a658.302
_bR71
100 _aRobbins, Stephen P.
_eAUT
245 0 _aSupervisión
260 _c2008
300 _a528 pƔginas :
_c27 cm.
650 _aGEN
654 _aCAN
942 _cLIB
_dJUS
_fJUS
_2ddc
_n
999 _c17996
_d17996